Flughafencodes Asien #3 - Statistiken

Allgemein
  • Dieses Quiz wurde 50 mal gespielt
  • Das Durchschnittsergebnis liegt bei 14 aus 16
Antwortstatistiken
Hint Antwort % Korrekt
Beirut BEY
100%
Bangkok BKK
100%
Hongkong HKG
100%
Phnom Penh PNH
100%
Singapur SIN
100%
Damaskus DAM
97%
Hanoi HAN
97%
Kathmandu KTM
97%
Shenzhen SZX
97%
Neu-Delhi DEL
95%
Tiflis TBS
95%
Islamabad ISB
92%
Nagoya NKM
90%
Teheran IKA
49%
Osaka KIX
41%
Baku GYD
31%
Keine übereinstimmenden Quizze gefunden
Verteilung der Resultate
Anzahl Personen mit jedem Resultat
Perzentil nach korrekt beantworteten Fragen
Ihre Resultats-Entwicklung
Sie haben dieses Quiz noch nicht gespielt